Christmas Song Next Line Quiz Stats

 Plays Quiz not verified by Sporcle

Challenge
Share
Tweet
Embed
Score 0/25 Timer 10:00
0 Plays Today
% Correct
Come on, it's lovely weather for a sleigh ride together with you
85.8%
All I want for Christmas is you
84.5%
And pretend that he is Parson Brown
83.1%
A little baby doll that can cry, sleep, drink, and wet
81.1%
Your heart is full of unwashed socks, your soul is full of gunk
80.4%
And caroling out in the snow
79.7%
With every Christmas card I write
77.7%
Zat you, Santa Claus?
76.4%
Until then we'll have to muddle through somehow
75.7%
And then ol' Santa took me up and away
75.7%
With a voice as big as the sea
73%
Is something lovely wrapped beneath the tree
72.3%
With wise men, and farmers, and shepherds and all
71.6%
% Correct
On Mary's lap is sleeping
70.9%
Where the love light gleams
67.6%
Oh that we could always see such spirit through the year
65.5%
O, sing all ye citizens of heaven above
64.9%
When it's exactly 12 o'clock that night
62.8%
The best and the merriest you ever did have
62.2%
Why your joyous strains prolong?
60.1%
With peaceful wings unfurled
59.5%
Breaths a life of gathering gloom
59.5%
We're caroling through the night
58.8%
'Tis the eve of our Savior's birth
56.1%
From everywhere filling the air
50%

You're not logged in!

Compare scores with friends on all Sporcle quizzes.
OR
Log In

You Might Also Like...

Show Comments

Extras

Top Quizzes Today


Score Distribution

Your Account Isn't Verified!

In order to create a playlist on Sporcle, you need to verify the email address you used during registration. Go to your Sporcle Settings to finish the process.

Report this User

Report this user for behavior that violates our Community Guidelines.

Details: